000 00591nam a2200229Ia 4500
003 OSt
005 20220918192812.0
006 a|||||r|||| 00| 0
007 ta
008 220917b |||||||| |||| 00| 0 eng d
024 _a70,396
037 _cTextual
040 _aARTS
_cARTS
_beng
041 _2eng
_aeng
082 _aR3M3, J2
100 _aBlackham H J
_978687
245 0 _aSix existentialist thinkers
260 _aLondon
_bRoutledge And Kegan Paul
_c1952
300 _avi,179p.
_ccm.
942 _hR3M3, J2
_cTEXL
_2CC
999 _c196494
_d196494